Breve De La Santidad De Benedicto XIV. expedido á instancia del rey catholico D. Fernando VI. en 6. de septiembre de 1757. Para incluir al estado eclesiastico secular y regular de los reynos de Castilla y Leon y sus provincias en la unica contribucion que de orden de S.M. se ha de establecer en ellos. (Record n. 33306)

Dettagli MARC
000 -LEADER
fixed length control field 01545nam a2200277 i 4500
003 - CONTROL NUMBER IDENTIFIER
control field IT-RoINE
008 - FIXED-LENGTH DATA ELEMENTS--GENERAL INFORMATION
fixed length control field 111013s1757 sp |r 000|||mul|d
026 ## - FINGERPRINT IDENTIFIER
First and second groups of characters ubi- eun-
Third and fourth groups of characters o-am rean (3)
Date 1757 (Q)
040 ## - CATALOGING SOURCE
Original cataloging agency BUC.
Transcribing agency IT-RoINE
Modifying agency IT-RoINE
041 1# - LANGUAGE CODE
Language code of text/sound track or separate title spa
Language code of original and/or intermediate translations of text lat
245 00 - TITLE STATEMENT
Title Breve De La Santidad De Benedicto XIV. expedido á instancia del rey catholico D. Fernando VI. en 6. de septiembre de 1757. Para incluir al estado eclesiastico secular y regular de los reynos de Castilla y Leon y sus provincias en la unica contribucion que de orden de S.M. se ha de establecer en ellos.
260 ## - PUBLICATION, DISTRIBUTION, ETC. (IMPRINT)
Place of publication, distribution, etc En Madrid :
Name of publisher, distributor, etc [s.n.],
Date of publication, distribution, etc 1758.
300 ## - PHYSICAL DESCRIPTION
Extent [2], 42 p. ;
Dimensions
336 ## - CONTENT TYPE
Source rdacontent
Content type term text
337 ## - MEDIA TYPE
Source rdamedia
Media type term unmediated
338 ## - CARRIER TYPE
Source rdacarrier
Carrier type term volume
500 ## - GENERAL NOTE
General note Digitalización del ejemplar de la Biblioteca de la Real Academia de Jurisprudencia y Legislación.
546 ## - LANGUAGE NOTE
Language note Texto en latín y traducción en español.
595 ## - LOCAL NOTE (RLIN)--EDITION STATEMENT
Edition statement note Datos de publicación tomados del colofón.
596 ## - LOCAL NOTE (RLIN)--PUBLICATION, DISTRIBUTION, ETC. (IMPRINT)
Publication, distribution, etc. (Imprint) note Portada sin pie de imprenta.
597 ## - LOCAL NOTE (RLIN)--PHYSICAL DESCRIPTION
Physical description note Sign.: [π1] A-D4 E5.
599 ## - LOCAL NOTE (RLIN)--ILLUSTRATIONS
Illustrations note Friso xilográfico en portada.
752 ## - ADDED ENTRY--HIERARCHICAL PLACE NAME
Country or larger entity España,
City Madrid
9 (RLIN) 65578
856 41 - ELECTRONIC LOCATION AND ACCESS
Link text Enlace a " Breve de la Santidad de Benedicto XIV expedido a instancia del rey cathólico D. Fernando VI en 6 de Septiembre de 1757 para incluir al estado eclesiástico secular y regular de los Reynos de Castilla y León..." - [
Uniform Resource Identifier https://bvpb.mcu.es/es/catalogo_imagenes/grupo.do?path=7011&presentacion=pagina&posicion=5®istrardownload=0
942 ## - ADDED ENTRY ELEMENTS (KOHA)
Item type Libro antiguo
Source of classification or shelving scheme Dewey Decimal Classification
Dati di copia
Withdrawn status Lost status Source of classification or shelving scheme Damaged status Not for loan Home library Current library Shelving location Date acquired Total Checkouts Full call number Barcode Date last seen Price effective from Koha item type Public note
    Dewey Decimal Classification     Iglesia Nacional Española en Roma Iglesia Nacional Española en Roma Estudio bibliotecario 18/12/2019   ANT.C 116 60708 18/12/2019 18/12/2019 Libro antiguo Cuerpo de fascículos sin cubierta. Rastro de sello no identificado y sello de la "Biblioteca del Instituto Español de Historia Eclesiástica"